000 00435nam a2200169Ia 4500
008 230524s9999 xx 000 0 und d
020 _a978817378625
082 _a330
_bBHA
100 _aErach Bharucha
_942424
245 0 _aText Book of Environmental Studies
250 _a1
260 _aNew Delhi
_bUniversities Press
_c2016
300 _a"XVII,299p;"
500 _aQuantity Number: 1
650 _aEnvironmental
942 _cBK
999 _c56710
_d56710